[Event "New Delhi Parsvnath op 13th"]
[Site "New Delhi"]
[Date "2015.01.15"]
[Round "9"]
[White "Kathmale, Sameer"]
[Black "Madhurima, Shekhar"]
[Result "1-0"]
[WhiteElo "2304"]
[BlackElo "2012"]
[PlyCount "67"]
[EventDate "2015.01.09"]
[EventType "tourn"]
[EventRounds "10"]
[EventCountry "IND"]
[SourceTitle "CBM 164 Extra"]
[Source "ChessBase"]
[SourceDate "2015.03.02"]
[SourceVersion "1"]
[SourceVersionDate "2015.03.02"]
[SourceQuality "1"]

1. e4 e6 2. d4 d5 3. Nc3 Nf6 4. e5 Nfd7 5. f4 c5 6. Nf3 Nc6 7. Be3 Be7 8. Qd2 0-0 9. dxc5 Bxc5 10. 0-0-0 Qa5 11. a3 a6 12. Bd3 Rd8 13. Kb1 d4 14. Nxd4 Bxd4 15. Bxd4 Nxd4 16. Bxh7+ Kxh7 17. Qxd4 Kg8 18. Rd3 b5 19. Ne4 Bb7 20. Nd6 Bd5 21. f5 Rac8 22. b3 Nxe5 23. Nxc8 Nxd3 24. Ne7+ Kf8 25. f6 Bxg2 26. Qh4 gxf6 27. Qxf6 Qxa3 28. Rd1 Be4 29. Nc6 Qb2+ 30. Qxb2 Nxb2 31. Rxd8+ Kg7 32. Nb8 f5 33. Kxb2 f4 34. Rd4 1-0

[Event "New Delhi Parsvnath op 13th"]
[Site "New Delhi"]
[Date "2015.01.12"]
[Round "6"]
[White "Madhurima, Shekhar"]
[Black "Safranska, Anda"]
[Result "1/2-1/2"]
[WhiteElo "2012"]
[BlackElo "2261"]
[PlyCount "133"]
[EventDate "2015.01.09"]
[EventType "tourn"]
[EventRounds "10"]
[EventCountry "IND"]
[SourceTitle "CBM 164 Extra"]
[Source "ChessBase"]
[SourceDate "2015.03.02"]
[SourceVersion "1"]
[SourceVersionDate "2015.03.02"]
[SourceQuality "1"]

1. e4 g6 2. d4 Bg7 3. Nc3 c6 4. h3 d6 5. Be3 b5 6. Nf3 Nd7 7. Bd3 Qc7 8. 0-0 Ngf6 9. Ne2 0-0 10. a4 b4 11. c3 bxc3 12. bxc3 c5 13. Ng3 e5 14. dxe5 dxe5 15. Qe2 Bb7 16. Rfd1 Rfe8 17. Qa2 Nf8 18. Rd2 h6 19. a5 Ne6 20. a6 Bc6 21. Qa5 Bf8 22. Rb2 Nd7 23. Bc4 Rac8 24. Bd5 Nd8 25. c4 Nb6 26. Bxc5 Bxc5 27. Qxc5 Na4 28. Rxa4 Bxa4 29. Qxc7 Rxc7 30. Rb8 Rce7 31. Ne2 Bd1 32. Kf1 Bxe2+ 33. Kxe2 Ne6 34. Rxe8+ Rxe8 35. g3 Nc5 36. Bb7 Re7 37. Ke3 f6 38. Bd5+ Kg7 39. Nd2 Nxa6 40. Nb3 Rc7 41. Kd2 f5 42. f3 Kf6 43. Kc3 fxe4 44. fxe4 Kg5 45. Na5 Nc5 46. Nc6 Kf6 47. Kb4 Ne6 48. Ka5 Nd4 49. Nd8 Ne2 50. Ka6 Nxg3 51. Nc6 Ne2 52. Nxa7 Nf4 53. Nc6 Nxh3 54. Kb6 Rg7 55. c5 g5 56. Bc4 g4 57. Bf1 Nf4 58. Nb4 g3 59. c6 g2 60. Bxg2 Nxg2 61. c7 Rxc7 62. Kxc7 h5 63. Nd3 h4 64. Nf2 Ke6 65. Kc6 Nf4 66. Kc5 h3 67. Ng4 1/2-1/2

[Event "Wch U20 Girls 32nd"]
[Site "Pune"]
[Date "2014.10.16"]
[Round "10"]
[White "Fronda Pascua, Jan Jodilyn"]
[Black "Madhurima, Shekhar"]
[Result "1-0"]
[WhiteElo "2127"]
[BlackElo "2000"]
[PlyCount "103"]
[EventDate "2014.10.06"]
[EventType "swiss"]
[EventRounds "13"]
[EventCountry "IND"]
[SourceTitle "EXT 2015"]
[Source "ChessBase"]
[SourceDate "2014.11.20"]
[SourceVersion "1"]
[SourceVersionDate "2014.11.20"]
[SourceQuality "1"]

1. e4 e6 2. d4 d5 3. Nc3 Nf6 4. e5 Nfd7 5. Nf3 c5 6. dxc5 Nc6 7. Bf4 Nxc5 8. Bd3 Nxd3+ 9. Qxd3 Bc5 10. 0-0 h6 11. h4 0-0 12. Bg3 Bd7 13. a3 a6 14. Rad1 Qe7 15. h5 Rfc8 16. Rfe1 Qf8 17. Ne2 b5 18. c3 Rab8 19. Nf4 Be7 20. Bh4 Bxh4 21. Nxh4 Qe7 22. Nf3 a5 23. b4 Rb7 24. Qd2 Ra8 25. Ra1 Na7 26. Nd3 Nc8 27. Nc5 Rba7 28. Nb3 axb4 29. axb4 Nb6 30. Rxa7 Rxa7 31. Qd4 Qd8 32. Ra1 Rxa1+ 33. Nxa1 Qc7 34. Nb3 Na4 35. Nc5 Nxc5 36. Qxc5 Qxc5 37. bxc5 Kf8 38. Nd4 f6 39. c6 Bc8 40. Nxb5 Ke7 41. Nd6 Kd8 42. exf6 gxf6 43. Nxc8 Kxc8 44. g4 e5 45. f4 exf4 46. Kf2 Kc7 47. Kf3 Kxc6 48. Kxf4 Kc5 49. Kf5 Kc4 50. Ke6 Kc5 51. Kxf6 Kc4 52. Ke5 1-0

[Event "Wch U20 Girls 32nd"]
[Site "Pune"]
[Date "2014.10.11"]
[Round "6"]
[White "Madhurima, Shekhar"]
[Black "Ni, Shiqun"]
[Result "1/2-1/2"]
[WhiteElo "2000"]
[BlackElo "2312"]
[PlyCount "99"]
[EventDate "2014.10.06"]
[EventType "swiss"]
[EventRounds "13"]
[EventCountry "IND"]
[SourceTitle "EXT 2015"]
[Source "ChessBase"]
[SourceDate "2014.11.20"]
[SourceVersion "1"]
[SourceVersionDate "2014.11.20"]
[SourceQuality "1"]

1. e4 e5 2. Nf3 Nf6 3. Nxe5 d6 4. Nf3 Nxe4 5. d4 d5 6. Bd3 Nc6 7. 0-0 Be7 8. Nbd2 Nxd2 9. Bxd2 Bg4 10. c3 0-0 11. Re1 Qd7 12. h3 Bf5 13. Bxf5 Qxf5 14. Qb3 Qd7 15. Bf4 Na5 16. Qc2 Bf6 17. Be5 Be7 18. Re2 Rfe8 19. Rae1 Nc4 20. Kf1 c6 21. Bg3 Bd6 22. Be5 f6 23. Bxd6 Nxd6 24. Qd3 a5 25. Nd2 a4 26. Qg3 Rxe2 27. Rxe2 Kf7 28. Qg4 Nf5 29. Nf3 Rd8 30. Nh4 Nd6 31. Qxd7+ Rxd7 32. Nf3 Nb5 33. a3 Nd6 34. Nd2 h5 35. g3 Rd8 36. Nf3 b6 37. Ne1 Nc4 38. Nd3 Rd6 39. Ke1 Re6 40. Rxe6 Kxe6 41. Ke2 Kf5 42. Kf3 Kg5 43. Ke2 h4 44. f4+ Kf5 45. g4+ Ke4 46. f5 Nd6 47. Nb4 Nc4 48. Nd3 Nd6 49. Nb4 Nc4 50. Nd3 1/2-1/2

[Event "IND-ch U19 Girls 29th"]
[Site "Mumbai"]
[Date "2014.07.18"]
[Round "11"]
[White "Madhurima, Shekhar"]
[Black "Monnisha, GK."]
[Result "0-1"]
[WhiteElo "2003"]
[BlackElo "2092"]
[PlyCount "116"]
[EventDate "2014.07.10"]
[EventType "swiss"]
[EventRounds "11"]
[EventCountry "IND"]
[SourceTitle "EXT 2016"]
[Source "ChessBase"]
[SourceDate "2015.10.08"]
[SourceVersion "1"]
[SourceVersionDate "2015.10.08"]
[SourceQuality "1"]

1. e4 e5 2. Nf3 Nc6 3. d4 exd4 4. Nxd4 Bc5 5. Nb3 Bb6 6. Nc3 Nf6 7. Qe2 d6 8. Bg5 h6 9. Be3 Be6 10. 0-0-0 Qe7 11. f3 0-0-0 12. Bxb6 axb6 13. Qe3 Bxb3 14. axb3 d5 15. Qf4 dxe4 16. Rxd8+ Rxd8 17. fxe4 g5 18. Qf5+ Kb8 19. Bc4 Nd4 20. Qf2 Ng4 21. Qxf7 Qxf7 22. Bxf7 Rf8 23. Bc4 Ne3 24. Bd3 Nxg2 25. Rf1 Rxf1+ 26. Bxf1 Ne1 27. Nb5 Nexc2 28. e5 Nxb5 29. Kxc2 Nd4+ 30. Kc3 Nc6 31. e6 Kc8 32. Kd3 Kd8 33. Ke4 Ke7 34. Kf5 Nd4+ 35. Kg6 Kxe6 36. Kxh6 Kf6 37. Bc4 b5 38. Bd5 c6 39. Bg2 Nxb3 40. Kh5 Nc5 41. Bf1 Na4 42. b4 Nc3 43. Bh3 Nd5 44. Bc8 b6 45. Kg4 Nxb4 46. Kf3 Nd3 47. Ke4 Ne5 48. h3 b4 49. Ke3 c5 50. Bb7 Nc4+ 51. Kd3 Nd6 52. Bd5 Ke5 53. Bg8 b5 54. Ke3 c4 55. Bh7 b3 56. Kd2 b4 57. Bg6 c3+ 58. Kc1 Nc4 0-1

[Event "IND-ch U19 Girls 29th"]
[Site "Mumbai"]
[Date "2014.07.17"]
[Round "10"]
[White "Varshini, Veileven"]
[Black "Madhurima, Shekhar"]
[Result "1/2-1/2"]
[WhiteElo "1984"]
[BlackElo "2003"]
[PlyCount "120"]
[EventDate "2014.07.10"]
[EventType "swiss"]
[EventRounds "11"]
[EventCountry "IND"]
[SourceTitle "EXT 2016"]
[Source "ChessBase"]
[SourceDate "2015.10.08"]
[SourceVersion "1"]
[SourceVersionDate "2015.10.08"]
[SourceQuality "1"]

1. e4 e6 2. d4 d5 3. e5 c5 4. c3 Nc6 5. Nf3 Qb6 6. a3 Nh6 7. b4 cxd4 8. cxd4 Nf5 9. Bb2 Bd7 10. Be2 Rc8 11. 0-0 h5 12. Qd3 Be7 13. Nbd2 g5 14. Nb3 g4 15. Nfd2 f6 16. b5 Na5 17. Nxa5 Qxa5 18. Nb3 Qb6 19. exf6 Bxf6 20. Nc5 Rc7 21. Rac1 Bg5 22. Nxd7 Kxd7 23. Rc5 Qd6 24. a4 b6 25. Rxc7+ Qxc7 26. Bd1 Rc8 27. Bb3 Qf4 28. g3 Qd2 29. Qb1 Bh6 30. Bxd5 Rc2 31. Bc6+ Kc7 32. Ba3 Be3 33. Qb4 Bxf2+ 34. Kh1 Qe2 35. Bg2 Bxg3 36. Rg1 Bf2 37. Qf8 Bh4 38. Qf7+ Kd8 39. Qf8+ Kd7 40. Bc6+ Kc7 41. Qf7+ Be7 42. Bg2 Kd7 43. Bc6+ Kc7 44. Bg2 Kd8 45. Bxe7+ Nxe7 46. Qxh5 Kd7 47. d5 Rd2 48. dxe6+ Qxe6 49. Qg5 Rd4 50. Qg7 Rd2 51. Qg5 Qe2 52. Qf4 Rd1 53. Qb8 Rxg1+ 54. Kxg1 Qe1+ 55. Bf1 Qe3+ 56. Kg2 Qe4+ 57. Kg1 Qe3+ 58. Kg2 Qe4+ 59. Kg1 Qd4+ 60. Kg2 Qe4+ 1/2-1/2

[Event "IND-ch U19 Girls 29th"]
[Site "Mumbai"]
[Date "2014.07.16"]
[Round "9"]
[White "Madhurima, Shekhar"]
[Black "Nandhidhaa, PV."]
[Result "1-0"]
[WhiteElo "2003"]
[BlackElo "2126"]
[PlyCount "89"]
[EventDate "2014.07.10"]
[EventType "swiss"]
[EventRounds "11"]
[EventCountry "IND"]
[SourceTitle "EXT 2016"]
[Source "ChessBase"]
[SourceDate "2015.10.08"]
[SourceVersion "1"]
[SourceVersionDate "2015.10.08"]
[SourceQuality "1"]

1. e4 c5 2. Nc3 e6 3. Nf3 a6 4. d4 cxd4 5. Nxd4 b5 6. Bd3 Qb6 7. Nb3 Qc7 8. 0-0 Nf6 9. f4 b4 10. Nb1 Bb7 11. Qe2 d6 12. a3 a5 13. Nd4 d5 14. Nb5 Qb6+ 15. Be3 Bc5 16. Bxc5 Qxc5+ 17. Qf2 Qxf2+ 18. Rxf2 dxe4 19. Nc7+ Ke7 20. Nxa8 exd3 21. cxd3 Bxa8 22. axb4 Nc6 23. bxa5 Nd5 24. Ra3 Rb8 25. g3 Ndb4 26. Nd2 Nc2 27. Rc3 N2d4 28. Nc4 Rb5 29. Ra3 Nb4 30. h3 Bb7 31. Kf1 f6 32. Rd2 g5 33. Rf2 Ba6 34. Rc3 Rc5 35. Ne3 Rxa5 36. Rd2 gxf4 37. gxf4 Ra1+ 38. Kf2 Rh1 39. Rc7+ Kd8 40. Rxh7 Nxd3+ 41. Kg3 Re1 42. Ng2 Nf5+ 43. Kh2 Ra1 44. Ra7 Ke8 45. Rxd3 1-0

[Event "IND-ch U19 Girls 29th"]
[Site "Mumbai"]
[Date "2014.07.13"]
[Round "5"]
[White "Srija, Seshadri"]
[Black "Madhurima, Shekhar"]
[Result "1/2-1/2"]
[WhiteElo "2038"]
[BlackElo "2003"]
[PlyCount "106"]
[EventDate "2014.07.10"]
[EventType "swiss"]
[EventRounds "11"]
[EventCountry "IND"]
[SourceTitle "EXT 2016"]
[Source "ChessBase"]
[SourceDate "2015.10.08"]
[SourceVersion "1"]
[SourceVersionDate "2015.10.08"]
[SourceQuality "1"]

1. e4 e6 2. d4 d5 3. Nd2 Nc6 4. Ngf3 Nf6 5. e5 Nd7 6. Nb3 a5 7. a4 Be7 8. Bb5 0-0 9. 0-0 Ncb8 10. Be3 b6 11. Nfd2 c6 12. Be2 c5 13. c3 Ba6 14. f4 Nc6 15. Bxa6 Rxa6 16. Qe2 Ra7 17. f5 cxd4 18. cxd4 Bg5 19. Rac1 Nb4 20. Rc3 Bxe3+ 21. Rxe3 exf5 22. Rxf5 g6 23. Rf1 Nc6 24. e6 fxe6 25. Rxe6 Rc7 26. Nf3 Ndb8 27. Re1 Kg7 28. Qb5 Qd7 29. R6e3 Rb7 30. Ng5 Kg8 31. Ne6 Rf7 32. g3 Re7 33. R3e2 Nb4 34. Ng5 Qxb5 35. axb5 Rxe2 36. Rxe2 h6 37. Nf3 Nd7 38. Ne5 Nxe5 39. dxe5 Kf7 40. Nd4 Re7 41. Rf2+ Kg7 42. Rf6 Rxe5 43. Rxb6 Re1+ 44. Kg2 Rd1 45. Nb3 a4 46. Nc5 Rd2+ 47. Kf3 Rxb2 48. Nxa4 Rb3+ 49. Ke2 d4 50. Rd6 Na2 51. Rxd4 Rxb5 52. Rd2 Re5+ 53. Kf2 Nb4 1/2-1/2

[Event "IND-ch U19 Girls 28th"]
[Site "Lucknow"]
[Date "2013.07.11"]
[Round "3"]
[White "Madhurima, Shekhar"]
[Black "Saranya, J."]
[Result "0-1"]
[WhiteElo "1999"]
[BlackElo "2147"]
[PlyCount "90"]
[EventDate "2013.07.10"]
[EventType "swiss"]
[EventRounds "11"]
[EventCountry "IND"]
[SourceTitle "CBM 155 Extra"]
[Source "ChessBase"]
[SourceDate "2013.08.26"]
[SourceVersion "1"]
[SourceVersionDate "2013.08.26"]
[SourceQuality "1"]

1. e4 c5 2. Nf3 d6 3. d4 cxd4 4. Nxd4 Nf6 5. Nc3 a6 6. Be3 e5 7. Nf3 Be6 8. Be2 Be7 9. a4 Nc6 10. Bg5 0-0 11. Bxf6 Bxf6 12. 0-0 Ne7 13. Re1 Qc7 14. Bd3 Rad8 15. Qe2 Rfe8 16. Rad1 h6 17. h3 Ng6 18. Nd5 Bxd5 19. exd5 Nf4 20. Qe4 g6 21. Bf1 Bg7 22. c4 f5 23. Qb1 Rf8 24. b4 g5 25. g3 Ng6 26. a5 Qf7 27. Qc2 e4 28. Nd4 Bxd4 29. Rxd4 Ne5 30. Be2 h5 31. Qd1 h4 32. Qd2 Qg7 33. Kh2 hxg3+ 34. fxg3 Rd7 35. c5 Nd3 36. Rxd3 exd3 37. Bxd3 f4 38. c6 fxg3+ 39. Kxg3 Rdf7 40. Be4 Qh6 41. Kg2 Qh4 42. Re2 g4 43. hxg4 Qxg4+ 44. Kh2 Qh4+ 45. Kg1 Qg3+ 0-1

[Event "Asia U20 Girls op"]
[Site "Sharjah"]
[Date "2013.04.06"]
[Round "8"]
[White "Nandhidhaa, PV."]
[Black "Madhurima, Shekhar"]
[Result "1/2-1/2"]
[WhiteElo "2150"]
[BlackElo "1991"]
[PlyCount "114"]
[EventDate "2013.03.30"]
[EventType "swiss"]
[EventRounds "9"]
[EventCountry "UAE"]
[SourceTitle "CBM 153 Extra"]
[Source "ChessBase"]
[SourceDate "2013.04.22"]
[SourceVersion "1"]
[SourceVersionDate "2013.04.22"]
[SourceQuality "1"]

1. e4 e6 2. d4 d5 3. e5 c5 4. c3 Nc6 5. Nf3 Bd7 6. Be2 Nge7 7. 0-0 Nf5 8. Bd3 cxd4 9. Bxf5 exf5 10. cxd4 Be6 11. Nc3 Be7 12. Qe2 Qb6 13. Rd1 h6 14. Be3 g5 15. Na4 Qa5 16. Nc5 Bxc5 17. dxc5 f4 18. Bd4 Rc8 19. Qd3 Nxd4 20. Nxd4 Qxc5 21. h3 Qc4 22. Qf3 Qb4 23. a3 Qe7 24. Nb5 Rc5 25. Nd6+ Kf8 26. Rac1 Rxc1 27. Rxc1 Rg8 28. Qc3 g4 29. hxg4 Rxg4 30. f3 Rg3 31. Qc8+ Kg7 32. Ne8+ Kg6 33. Qb8 Qg5 34. Rc2 Bh3 35. Qd6+ Kh5 36. Nf6+ Kh4 37. Ng4 Bxg4 38. fxg4 Rxg4 39. Qxd5 f6 40. Qxb7 fxe5 41. Qe4 Rg3 42. Re2 Kh5 43. Qxe5 Rxg2+ 44. Kf1 Rg1+ 45. Kf2 Rg2+ 46. Kf1 Rg1+ 47. Kf2 Qxe5 48. Rxe5+ Rg5 49. Re7 a5 50. Kf3 Rf5 51. b4 axb4 52. axb4 Kg6 53. Re4 Kg5 54. Rc4 h5 55. Rc5 h4 56. Rxf5+ Kxf5 57. b5 Ke6 1/2-1/2

[Event "New Delhi Parsvnath op 11th"]
[Site "New Delhi"]
[Date "2013.01.05"]
[Round "1"]
[White "Madhurima, Shekhar"]
[Black "Suvrajit, Saha"]
[Result "1/2-1/2"]
[WhiteElo "1951"]
[BlackElo "2336"]
[PlyCount "61"]
[EventDate "2013.01.05"]
[EventType "swiss"]
[EventRounds "11"]
[EventCountry "IND"]
[SourceTitle "EXT 2014"]
[Source "ChessBase"]
[SourceDate "2013.11.20"]
[SourceVersion "1"]
[SourceVersionDate "2013.11.20"]
[SourceQuality "1"]

1. e4 c5 2. Nf3 d6 3. d4 cxd4 4. Nxd4 Nf6 5. Nc3 a6 6. Be3 e5 7. Nf3 Be7 8. Bc4 0-0 9. 0-0 Be6 10. Bb3 Nc6 11. Bg5 Nd7 12. Bxe7 Qxe7 13. Nd5 Qd8 14. Re1 Nc5 15. c3 Nxb3 16. Qxb3 Na5 17. Qd1 Rc8 18. Rc1 b5 19. h3 Kh8 20. Nh2 Nc4 21. b3 Nb6 22. Nxb6 Qxb6 23. Ng4 Rfd8 24. Ne3 Qc6 25. Qf3 d5 26. exd5 Bxd5 27. Nxd5 Rxd5 28. Qxf7 Qd6 29. Qf3 Rf8 30. Qe3 h6 31. Re2 1/2-1/2

[Event "Commonwealth-ch"]
[Site "Chennai"]
[Date "2012.11.23"]
[Round "2"]
[White "Akash, G."]
[Black "Madhurima, Shekhar"]
[Result "0-1"]
[WhiteElo "2404"]
[BlackElo "1949"]
[PlyCount "80"]
[EventDate "2012.11.23"]
[EventType "swiss"]
[EventRounds "11"]
[EventCountry "IND"]
[SourceTitle "CBM 151 Extra"]
[Source "ChessBase"]
[SourceDate "2012.12.18"]
[SourceVersion "1"]
[SourceVersionDate "2012.12.18"]
[SourceQuality "1"]

1. e4 e6 2. d4 d5 3. Nc3 Nf6 4. Bg5 Bb4 5. e5 h6 6. Be3 Ne4 7. Nge2 c5 8. dxc5 Nd7 9. a3 Nxc3 10. Nxc3 Bxc5 11. Bxc5 Nxc5 12. Qd4 Qb6 13. Bb5+ Bd7 14. b4 Bxb5 15. Qxc5 Qxc5 16. bxc5 Ba6 17. Rb1 Ke7 18. Kd2 Rac8 19. Na4 f6 20. Rhe1 Rhf8 21. f3 Rc7 22. Rb4 fxe5 23. Rxe5 Bf1 24. Nc3 Rxc5 25. Rxb7+ Kf6 26. Re3 Rfc8 27. f4 Bxg2 28. Rd7 a5 29. h4 g6 30. Rd6 Be4 31. Rxe4 dxe4 32. Nxe4+ Ke7 33. Ra6 Rd5+ 34. Ke3 Rxc2 35. Ra7+ Rd7 36. Rxa5 Rh2 37. Nc5 Rc7 38. Nd3 Rh3+ 39. Ke2 Rc2+ 40. Kd1 Ra2 0-1

[Event "IND-ch (Women) 38th"]
[Site "Chennai"]
[Date "2011.11.09"]
[Round "11"]
[White "Madhurima, Shekhar"]
[Black "Saranya, J."]
[Result "0-1"]
[WhiteElo "1906"]
[BlackElo "2106"]
[PlyCount "86"]
[EventDate "2011.10.29"]
[EventType "swiss"]
[EventRounds "11"]
[EventCountry "IND"]
[SourceTitle "EXT 2012"]
[Source "ChessBase"]
[SourceDate "2011.11.24"]
[SourceVersion "1"]
[SourceVersionDate "2011.11.24"]
[SourceQuality "1"]

1. e4 c5 2. Nf3 d6 3. d4 cxd4 4. Nxd4 Nf6 5. Nc3 a6 6. Bc4 e6 7. Bb3 Nbd7 8. Bg5 Qa5 9. Qd2 b5 10. 0-0-0 Bb7 11. Rhe1 0-0-0 12. f3 Nc5 13. Kb1 Qc7 14. Rc1 Be7 15. a4 b4 16. Nce2 Nfxe4 17. fxe4 Nxe4 18. Qxb4 Nxg5 19. Ng3 d5 20. Qd2 Ne4 21. Nxe4 dxe4 22. Qc3 Qxc3 23. bxc3 Bf6 24. Rcd1 Rd6 25. Ne2 Rhd8 26. Rxd6 Rxd6 27. g3 Kc7 28. Kb2 h5 29. Nf4 h4 30. Nh5 hxg3 31. Nxg3 Bh4 32. Re2 Bxg3 33. hxg3 f5 34. Kc1 g5 35. Rf2 e3 36. Re2 f4 37. gxf4 gxf4 38. Bc4 e5 39. Re1 Bf3 40. Bf1 Kb6 41. Bc4 e4 42. Bf1 Kc5 43. a5 Rh6 0-1

[Event "IND-ch (Women) 38th"]
[Site "Chennai"]
[Date "2011.11.03"]
[Round "6"]
[White "Madhurima, Shekhar"]
[Black "Michelle, Catherina P"]
[Result "0-1"]
[WhiteElo "1906"]
[BlackElo "2088"]
[PlyCount "76"]
[EventDate "2011.10.29"]
[EventType "swiss"]
[EventRounds "11"]
[EventCountry "IND"]
[SourceTitle "EXT 2012"]
[Source "ChessBase"]
[SourceDate "2011.11.24"]
[SourceVersion "1"]
[SourceVersionDate "2011.11.24"]
[SourceQuality "1"]

1. e4 e5 2. Nf3 Nc6 3. Nc3 Nf6 4. Bb5 Bd6 5. 0-0 0-0 6. d3 a6 7. Ba4 h6 8. Ne2 Re8 9. c4 Bc5 10. Be3 d6 11. h3 Bd7 12. a3 a5 13. Kh1 Nh7 14. Ng3 Nf8 15. Qd2 Qf6 16. Nh2 Qg6 17. Nf3 Qf6 18. Nh5 Qg6 19. Ng3 Bxe3 20. Qxe3 Ne6 21. Nh4 Qg5 22. Nf3 Qd8 23. Ne2 Rf8 24. Bxc6 bxc6 25. d4 exd4 26. Nexd4 Nxd4 27. Qxd4 c5 28. Qd3 Bc6 29. Rfd1 Re8 30. b3 Bxe4 31. Qc3 Qd7 32. Nh2 Bc6 33. Qd3 Qe6 34. Ra2 Rab8 35. Nf1 Rb7 36. Kg1 Reb8 37. Rb2 Qe5 38. Rdd2 a4 0-1

[Event "Wch U20 Girls 29th"]
[Site "Chennai"]
[Date "2011.08.02"]
[Round "1"]
[White "Tokhirjanova, Hulkar"]
[Black "Madhurima, Shekhar"]
[Result "1-0"]
[WhiteElo "2119"]
[BlackElo "1854"]
[PlyCount "77"]
[EventDate "2011.08.02"]
[EventType "swiss"]
[EventRounds "13"]
[EventCountry "IND"]
[SourceTitle "CBM 143 Extra"]
[Source "ChessBase"]
[SourceDate "2011.08.29"]
[SourceVersion "1"]
[SourceVersionDate "2011.08.29"]
[SourceQuality "1"]

1. e4 e6 2. d4 d5 3. Nd2 Nc6 4. Ngf3 Nf6 5. e5 Nd7 6. Bb5 a6 7. Bxc6 bxc6 8. 0-0 c5 9. c3 Be7 10. Re1 0-0 11. Nf1 cxd4 12. Nxd4 Bb7 13. Qg4 Re8 14. Bh6 Bf8 15. Bg5 Be7 16. Bf4 c5 17. Nf3 Qb6 18. Ng3 Kh8 19. Nh5 g6 20. Bh6 Rg8 21. Nf4 Bf8 22. Ng5 Bxh6 23. Nxf7+ Kg7 24. Nxh6 Rge8 25. Qh3 d4 26. cxd4 cxd4 27. Rad1 Rac8 28. Qh4 Rc2 29. Ng4 Rxb2 30. Qh6+ Kg8 31. Nxg6 hxg6 32. Qxg6+ Kf8 33. Nh6 Ke7 34. Qg5+ Kf8 35. Qf4+ Ke7 36. Qh4+ Kf8 37. Rxd4 Re2 38. Rf4+ Kg7 39. Qg5+ 1-0

[Event "IND-chB (Women) 38th"]
[Site "Chennai"]
[Date "2011.07.03"]
[Round "2"]
[White "Madhurima, Shekhar"]
[Black "Preethi, Rajkumar"]
[Result "1-0"]
[WhiteElo "1854"]
[BlackElo "2065"]
[PlyCount "37"]
[EventDate "2011.07.02"]
[EventType "swiss"]
[EventRounds "11"]
[EventCountry "IND"]
[SourceTitle "CBM 143 Extra"]
[Source "ChessBase"]
[SourceDate "2011.08.29"]
[SourceVersion "1"]
[SourceVersionDate "2011.08.29"]
[SourceQuality "1"]

1. e4 c5 2. Nc3 Nc6 3. f4 e6 4. Nf3 Nge7 5. d4 cxd4 6. Nxd4 Nxd4 7. Qxd4 Nc6 8. Qf2 Bb4 9. Bd2 a6 10. 0-0-0 Qc7 11. Bd3 b5 12. Rhe1 Na5 13. Qd4 Bf8 14. Nd5 Qd8 15. Qb6 exd5 16. exd5+ Be7 17. Qxd8+ Kxd8 18. Bxa5+ Ke8 19. d6 1-0

[Event "IND-chB (Women) 38th"]
[Site "Chennai"]
[Date "2011.07.03"]
[Round "3"]
[White "Sahajasri, Cholleti"]
[Black "Madhurima, Shekhar"]
[Result "1-0"]
[WhiteElo "2023"]
[BlackElo "1854"]
[PlyCount "49"]
[EventDate "2011.07.02"]
[EventType "swiss"]
[EventRounds "11"]
[EventCountry "IND"]
[SourceTitle "CBM 143 Extra"]
[Source "ChessBase"]
[SourceDate "2011.08.29"]
[SourceVersion "1"]
[SourceVersionDate "2011.08.29"]
[SourceQuality "1"]

1. d4 d5 2. Nf3 Nf6 3. g3 e6 4. Bg2 Be7 5. 0-0 0-0 6. c4 dxc4 7. Qc2 a6 8. Qxc4 b5 9. Qc2 Bb7 10. Bg5 Nbd7 11. Nbd2 Rc8 12. Bxf6 Nxf6 13. Nb3 Be4 14. Qc1 Bd6 15. Nc5 Bxc5 16. dxc5 Bc6 17. Qc3 Qe7 18. Rac1 Rfd8 19. Qa5 Ra8 20. Ne5 Bxg2 21. Kxg2 Rd5 22. Nd3 Ne4 23. a4 Nxc5 24. Nxc5 Rxc5 25. Qb4 1-0